000 00997nam a2200205 i 4500
001 50872
003 ES-MaACL
005 20250901093551.0
007 t|
008 030807s1936 sp ||||1| spa d
245 0 3 _aLa cuenta corriente de efectos o valores de un sector de la banca catalana
_b: su repercusión en el crédito y en la economía, su calificación jurídica en el ámbito del Derecho Penal, Civil y Mercantil positivos españoles /
_csegún los dictámenes emitidos por Rodríguez Sastre... [et al.] ; seguidos de un estudio sobre la cuenta de efecto y el mercado libre de valores de Barcelona, por Agustín Pelèz.
260 _aMadrid :
_b[s.n.,
_c1936] (
_fGalo Sèz)
300 _a586 p. ;
_c22 cm.
610 2 7 _aBolsa Oficial de Comercio de Barcelona
_2
_9154342
650 4 _aValores mobiliarios-
_zEspaña.
_9140335
700 1 _aPeláez, Agustín.
_9130963
700 0 _aRodríguez Sastre, Antonio.
_998816
852 _aES-MaACL
_jA-4320
999 _c50872
_d50872